00733nam a2200205 a 450000100100000000500170001000800410002704000250006810000270009324500640012026000520018430000280023649000300026450400280029471000380032283000360036004900090039695201050040599900170051000002693220200930030510.0110328s2001 dr a 000 0 spa d aDO-SdBNPbspacBNPHU1 aTaule, Josefina95403210aLaboratorio de parasitología :bManual /cJosefina Taule. aSanto Domingo :bUNIVE,c2001.fEditora Taína a150 p. :bil. ;c28 cm.1 aTextos Universitariosv25 aBibliografía : p. 1502 aUniversidad Iberoamericana936529 0aTextos Universitariosv2591147 aBNPD 0010718PDaPDbPDcCTd2011-03-28iLF1l0o p26932-10r2020-06-25w2020-06-25yLFPDZNo se presta c26424d26424